Niños y adolescentes en la crisis ocupacional: un abordaje desde la perspectiva de la política del empleo

Gespeichert in:
Bibliographische Detailangaben
1. Verfasser: Monza, Alfredo
Format: Text
Veröffentlicht: Buenos Aires: UNICEF
Schlagworte:
Tags: Tag hinzufügen
Keine Tags, Fügen Sie den ersten Tag hinzu!

MARC

LEADER 00000 a a2200000 04500
001 34390
003
040
020 |a 987-9286-02-2  
090 |a 1003 M816n  
100 |a Monza, Alfredo  
245 |a Niños y adolescentes en la crisis ocupacional: un abordaje desde la perspectiva de la política del empleo  
260 |a Buenos Aires:   |b UNICEF  
300 |a 119 p.  
650 |a GRUPOS VULNERABLES  
650 |a NIÑOS  
650 |a ADOLESCENTES  
650 |a CRISIS  
650 |a EMPLEO  
650 |a POLITICA DE EMPLEO  
650 |a MERCADO DE TRABAJO  
650 |a ARGENTINA  
999 |c 16238  |d 16238